[Event "Liptovsky Mikulas Relax op"]
[Site "Liptovsky Mikulas"]
[Date "2016.11.17"]
[Round "6"]
[White "Jakab, Bela"]
[Black "Eremias, Igor"]
[Result "1-0"]
[WhiteElo "2093"]
[BlackElo "1760"]
[PlyCount "35"]
[EventDate "2016.11.13"]
[EventType "swiss"]
[EventRounds "7"]
[EventCountry "SVK"]
[SourceTitle "CBM 175 Extra"]
[Source "ChessBase"]
[SourceDate "2016.12.12"]
[SourceVersion "1"]
[SourceVersionDate "2016.12.12"]
[SourceQuality "1"]

1. e4 e6 2. d4 d5 3. Nc3 Bb4 4. e5 c5 5. a3 Bxc3+ 6. bxc3 cxd4 7. cxd4 Nc6 8. Qg4 g6 9. Nf3 Bd7 10. Bd3 Nce7 11. 0-0 h5 12. Qg3 Nf5 13. Bxf5 exf5 14. Bg5 Qc8 15. Bf6 Nxf6 16. exf6 Be6 17. Rfe1 Qc3 18. Qd6 1-0

[Event "SVK-ch Seniors-B"]
[Site "Tatranske Matliare"]
[Date "2011.05.??"]
[Round "2"]
[White "Eremias, Igor"]
[Black "Liska, Jaroslav"]
[Result "0-1"]
[WhiteElo "1760"]
[BlackElo "1984"]
[PlyCount "88"]
[EventDate "2011.05.27"]
[EventType "swiss"]
[EventRounds "9"]
[EventCountry "SVK"]
[SourceTitle "EXT 2023"]
[Source "ChessBase"]
[SourceDate "2022.10.05"]
[SourceVersion "1"]
[SourceVersionDate "2022.10.05"]
[SourceQuality "1"]

1. d4 d5 2. c4 c6 3. Nc3 Bf5 4. e3 Nf6 5. Nf3 h6 6. Qb3 Qb6 7. Nd2 e6 8. c5 Qc7 9. Nf3 Nbd7 10. Ne2 Be7 11. Ng3 Bh7 12. Bd3 0-0 13. Bxh7+ Kxh7 14. Qc2+ Kh8 15. 0-0 e5 16. Nf5 Rae8 17. Nxe7 Rxe7 18. Nh4 g6 19. g3 e4 20. b4 Nh7 21. Bb2 Ndf6 22. a4 Qd7 23. Ng2 Ng5 24. Nf4 Nf3+ 25. Kg2 Qg4 26. h3 Qg5 27. b5 h5 28. Rh1 h4 29. Qe2 Nh5 30. Nxh5 gxh5 31. Rhg1 Nxg1 32. Rxg1 Rg8 33. Kf1 Qf5 34. Ke1 Qf3 35. Kd2 Qxe2+ 36. Kxe2 f5 37. Bc1 Reg7 38. Rf1 hxg3 39. fxg3 Rxg3 40. Rxf5 Rxh3 41. Rf6 Rh2+ 42. Rf2 Rxf2+ 43. Kxf2 h4 44. bxc6 bxc6 0-1

[Event "SVK-chT2B 10/11"]
[Site "Slovakia"]
[Date "2011.01.08"]
[Round "5.5"]
[White "Eremias, Igor"]
[Black "Szocs, Ladislav"]
[Result "0-1"]
[WhiteElo "1735"]
[BlackElo "1951"]
[PlyCount "138"]
[EventDate "2010.10.23"]
[EventType "team-tourn"]
[EventRounds "11"]
[EventCountry "SVK"]
[SourceTitle "EXT 2019"]
[Source "ChessBase"]
[SourceDate "2018.10.10"]
[SourceVersion "1"]
[SourceVersionDate "2018.10.10"]
[SourceQuality "1"]
[WhiteTeam "Nitra NSK II"]
[BlackTeam "Sala Slovan Duslo"]
[WhiteTeamCountry "SVK"]
[BlackTeamCountry "SVK"]

1. d4 Nf6 2. c4 g6 3. Nc3 d5 4. e3 Bg7 5. Nf3 0-0 6. Be2 c5 7. dxc5 Qa5 8. 0-0 Qxc5 9. Nxd5 Be6 10. Nf4 Bxc4 11. Qd4 Qxd4 12. exd4 Bxe2 13. Nxe2 Nc6 14. Bd2 Nd5 15. Bc3 Rfd8 16. Rfd1 Rac8 17. Kf1 e6 18. a3 h6 19. Rab1 Kf8 20. g3 Ke7 21. Ne1 e5 22. Nc2 b6 23. Ke1 Rc7 24. dxe5 Nxe5 25. Bxe5 Bxe5 26. Ncd4 Kf6 27. Nf3 Rcd7 28. Nxe5 Kxe5 29. Rdc1 Nf6 30. h3 Ne4 31. f4+ Ke6 32. Rc6+ Ke7 33. Rbc1 Nc5 34. Kf1 Rd2 35. b4 Ne4 36. Rc7+ R8d7 37. Rxd7+ Kxd7 38. Rc4 f5 39. Ke1 Ra2 40. Rd4+ Ke7 41. Rd3 Ra1+ 42. Rd1 Rxa3 43. Rc1 Kd6 44. Rd1+ Kc7 45. b5 Re3 46. Rc1+ Kd7 47. Kf1 Nxg3+ 48. Nxg3 Rxg3 49. Rc6 Rxh3 50. Rxg6 Rf3+ 51. Ke2 Rxf4 52. Rxh6 Rb4 53. Rh7+ Kd6 54. Rxa7 Rxb5 55. Kf3 Rb4 56. Ra2 Kc5 57. Re2 f4 58. Re5+ Kd6 59. Re2 Rc4 60. Kf2 Kc5 61. Re5+ Kb4 62. Re2 Kc3 63. Re5 Rc5 64. Re6 b5 65. Kf3 Rc4 66. Re1 b4 67. Rc1+ Kd3 68. Rh1 b3 69. Rh8 b2 0-1

[Event "SVK-ch Seniors-B"]
[Site "Tatranske Matliare"]
[Date "2010.06.??"]
[Round "1"]
[White "Eremias, Igor"]
[Black "Liska, Jaroslav"]
[Result "1/2-1/2"]
[WhiteElo "1740"]
[BlackElo "2020"]
[PlyCount "76"]
[EventDate "2010.06.06"]
[EventType "swiss"]
[EventRounds "9"]
[EventCountry "SVK"]
[SourceTitle "EXT 2023"]
[Source "ChessBase"]
[SourceDate "2022.10.05"]
[SourceVersion "1"]
[SourceVersionDate "2022.10.05"]
[SourceQuality "1"]

1. d4 Nf6 2. c4 e6 3. Nc3 Be7 4. Nf3 d5 5. e3 0-0 6. Bd3 c5 7. 0-0 dxc4 8. Bxc4 cxd4 9. exd4 Nbd7 10. Be3 Nb6 11. Bb3 Nbd5 12. Nxd5 Nxd5 13. Bd2 b6 14. Re1 Bb7 15. a3 Nf6 16. Be3 Ng4 17. Ne5 Nxe5 18. dxe5 Qxd1 19. Raxd1 Rfd8 20. f4 g6 21. Kf2 Rac8 22. g3 Kg7 23. Rxd8 Rxd8 24. Rd1 Bd5 25. Bxd5 exd5 26. Bd4 Rc8 27. Rd2 Kf8 28. Ke2 Ke8 29. Kd3 Kd7 30. Rc2 Rxc2 31. Kxc2 Ke6 32. g4 f6 33. exf6 Bxf6 34. Kd3 Be7 35. b4 Bd6 36. Ke3 Bc7 37. Kf3 Bd6 38. Ke3 Bc7 1/2-1/2